000 00233nam a2200097Ia 4500
001 642366
005 20250826153525.0
008 250824s9999 xx 000 0 und d
245 0 _aSerüven Avcıları
_cJeanne Birdsall
260 _bALTIN
999 _c642366
_d642366